书目信息 |
| 题名: |
哲学史上的先验论
|
|
| 作者: | 北京大学哲学系哲学史组 编写 | |
| 分册: | ||
| 出版信息: | 北京 人民出版社 1972 |
|
| 页数: | 60页 | |
| 开本: | 20cm | |
| 丛书名: | 《学点历史》丛书 | |
| 单 册: | ||
| 中图分类: | B081.2 | |
| 科图分类: | ||
| 主题词: | 哲学学派 , 哲学学派--研究 | |
| 电子资源: | ||
| ISBN: | ||
| 000 | 00754nam0 2200241 450 | |
| 001 | 0737579265 | |
| 005 | 20070926102909.53 | |
| 010 | @dCNY0.13 | |
| 091 | @a11001.240 | |
| 100 | @a20070926d1972 km y0chiy0120 ea | |
| 101 | 0 | @achi |
| 102 | @aCN@b110000 | |
| 200 | 1 | @a哲学史上的先验论@Azhe xue shi shang de xian yan lun@f北京大学哲学系哲学史组编写@Fbei jing da xue zhe xue xi zhe xue shi zu bian xie |
| 210 | @a北京@c人民出版社@d1972 | |
| 215 | @a60页@d20cm | |
| 225 | 2 | @a《学点历史》丛书 |
| 410 | 0 | @12001 @a《学点历史》丛书 |
| 606 | 0 | @a哲学学派 |
| 606 | 0 | @a哲学学派@x研究 |
| 690 | @aB081.2@v3 | |
| 701 | 0 | @a北京大学哲学系哲学史组@Abei jing da xue zhe xue xi zhe xue shi zu@4编写 |
| 801 | 0 | @aCN@bPFT@c20070926 |
| 905 | @a10447@dB081.2@e48 | |
| 哲学史上的先验论/北京大学哲学系哲学史组编写.-北京:人民出版社,1972 |
| 60页;20cm.-(《学点历史》丛书) |
| ISBN :CNY0.13 |
| ● |
| 相关链接 |
|
|
|
|
正题名:哲学史上的先验论
索取号:B081.2/48
 
预约/预借
| 序号 | 登录号 | 条形码 | 馆藏地/架位号 | 状态 | 备注 |
| 1 | 0609415 | 206094153 | 第一样本阅览室/ [索取号:B081.2/48] | 在馆 |